• 首页
  • 本馆介绍
  • 公告通知
  • 最新文献
  • 馆藏检索
  • 电子资源
  • 读者导购
  • 参考咨询
  • 我的图书馆
  • 登录
  • 详细信息显示
  • 放入我的书架
  • 预约/预借图书
  • 作者相关作品
  • 分类相关作品
  • 丛书相关作品
  • 出版社相关作品

书目信息

  • 表格格式
  • 工作单格式
  • 卡片格式
题名:
传统生土民居建造与改良技术
    
 
作者: 童丽萍 , 赵红垒 , 刘强 , 张琰鑫 著
分册:  
出版信息: 北京   科学出版社  2018
页数: 332页
开本: 24cm
丛书名:
单 册:
中图分类: TU241.5
科图分类:
主题词: 民居--min ju--建筑学--中国
电子资源:
ISBN: 978-7-03-050091-5
000 01223nam0 2200301 450
001 012001003201
005 20140129140123.0
010    @a978-7-03-050091-5@dCNY102.00
099    @aCAL 012018118057
100    @a20180925d2018 em y0chiy50 ea
101 0  @achi
102    @aCN@b110000
105    @aak a 000yy
106    @ar
200 1  @a传统生土民居建造与改良技术@Achuan tong sheng tu min ju jian zao yu gai liang ji shu@f童丽萍 ... [等] 著
210    @a北京@c科学出版社@d2018
215    @a332页@c图@d24cm
304    @a题名页题其余责任者: 赵红垒, 刘强, 张琰鑫
320    @a有书目 (第329-332页)
330    @a生土民居是我国传统民居的典型代表, 承载着我国源远流长的传统居住文化, 延承千年, 形成了具有鲜明地域特色和民间营造智慧的传统建造技术体系。本书分别以生土窑居和生土墙民居两类典型生土民居为对象, 按照建造工艺流程, 系统梳理了我国生土民居传统的建造技术; 并针对生土民居存在的居住舒适性问题, 论述了主要改良技术。
606 0  @a民居@Amin ju@x建筑学@y中国
690    @aTU241.5@v4
701  0 @a童丽萍@Atong li ping@4著
701  0 @a赵红垒@Azhao hong lei@4著
701  0 @a刘强@Aliu qiang@4著
701  0 @a张琰鑫@Azhang yan xin@4著
801  0 @aCN@b北京卓展@c20191020
905    @b1210748-51@dTU241.5@e1561@f4
    
    传统生土民居建造与改良技术/童丽萍 ... [等] 著.-北京:科学出版社,2018
    332页:图;24cm
    
    
    ISBN 978-7-03-050091-5:CNY102.00
    生土民居是我国传统民居的典型代表, 承载着我国源远流长的传统居住文化, 延承千年, 形成了具有鲜明地域特色和民间营造智慧的传统建造技术体系。本书分别以生土窑居和生土墙民居两类典型生土民居为对象, 按照建造工艺流程, 系统梳理了我国生土民居传统的建造技术; 并针对生土民居存在的居住舒适性问题, 论述了主要改良技术。
●
相关链接 在E读中查询图书 在五车中查询图书 在当当中查询图书 在豆瓣中查询图书


正题名:传统生土民居建造与改良技术     索取号:TU241.5/1561         预约/预借

序号 登录号 条形码 馆藏地/架位号 状态 备注
1 1210748   212107487   第二样本阅览室/ [索取号:TU241.5/1561] 在馆    
2 1210749   212107496   第三借阅区/ [索取号:TU241.5/1561] 在馆    
3 1210750   212107502   第三借阅区/ [索取号:TU241.5/1561] 在馆    
4 1210751   212107511   第三借阅区/ [索取号:TU241.5/1561] 在馆    
唐山师范学院图书馆 欢迎您!
大连网信软件有限公司© 版权所有